[Event "VIE-ch U15"]
[Site "Hanoi"]
[Date "2022.06.16"]
[Round "8"]
[White "Thai, Ho Tan Minh"]
[Black "Pham, Minh Hieu1111"]
[Result "1/2-1/2"]
[WhiteElo "2309"]
[BlackElo "2322"]
[PlyCount "22"]
[EventDate "2022.06.11"]
[EventType "swiss"]
[EventRounds "9"]
[EventCountry "VIE"]
[SourceTitle "EXT 2023"]
[Source "ChessBase"]
[SourceDate "2022.10.05"]
[SourceVersion "1"]
[SourceVersionDate "2022.10.05"]
[SourceQuality "1"]

1. d4 d5 2. c4 e6 3. Nc3 Nf6 4. Bg5 Be7 5. Nf3 0-0 6. e3 h6 7. Bh4 c6 8. Bd3 dxc4 9. Bxc4 Nd5 10. Bxe7 Qxe7 11. 0-0 Nd7 1/2-1/2

[Event "VIE-ch U15"]
[Site "Hanoi"]
[Date "2022.06.15"]
[Round "6"]
[White "Tran, Ngoc Minh Duy"]
[Black "Thai, Ho Tan Minh"]
[Result "1/2-1/2"]
[WhiteElo "2326"]
[BlackElo "2309"]
[PlyCount "21"]
[EventDate "2022.06.11"]
[EventType "swiss"]
[EventRounds "9"]
[EventCountry "VIE"]
[SourceTitle "EXT 2023"]
[Source "ChessBase"]
[SourceDate "2022.10.05"]
[SourceVersion "1"]
[SourceVersionDate "2022.10.05"]
[SourceQuality "1"]

1. e4 e5 2. Nf3 Nc6 3. Bc4 Bc5 4. c3 Nf6 5. d4 exd4 6. cxd4 Bb4+ 7. Bd2 Bxd2+ 8. Nbxd2 d5 9. exd5 Nxd5 10. Qb3 Na5 11. Qa4+ 1/2-1/2

[Event "VIE-ch U15"]
[Site "Hanoi"]
[Date "2022.06.13"]
[Round "3"]
[White "Thai, Ho Tan Minh"]
[Black "Nguyen, Thanh Liem"]
[Result "0-1"]
[WhiteElo "2309"]
[BlackElo "2312"]
[PlyCount "50"]
[EventDate "2022.06.11"]
[EventType "swiss"]
[EventRounds "9"]
[EventCountry "VIE"]
[SourceTitle "EXT 2023"]
[Source "ChessBase"]
[SourceDate "2022.10.05"]
[SourceVersion "1"]
[SourceVersionDate "2022.10.05"]
[SourceQuality "1"]

1. d4 d5 2. c4 e6 3. Nc3 Nf6 4. Bg5 Be7 5. Nf3 0-0 6. e3 c6 7. cxd5 exd5 8. Bd3 Nbd7 9. 0-0 Re8 10. Qc2 Nf8 11. Rad1 Ng6 12. h3 Ne4 13. Bxe7 Qxe7 14. Nd2 f5 15. Rfe1 Nh4 16. f3 Qg5 17. Ndxe4 fxe4 18. fxe4 Bxh3 19. Re2 Bg4 20. e5 Bxe2 21. Qxe2 Rf8 22. Rf1 Rxf1+ 23. Qxf1 Rf8 24. Nd1 Rxf1+ 25. Bxf1 Qg3 0-1

[Event "VIE-ch U09"]
[Site "Hai Phong"]
[Date "2018.07.09"]
[Round "4"]
[White "Phan, Tran Bao Khang"]
[Black "Thai, Ho Tan Minh"]
[Result "0-1"]
[WhiteElo "1926"]
[BlackElo "1945"]
[PlyCount "78"]
[EventDate "2018.07.07"]
[EventType "swiss"]
[EventRounds "9"]
[EventCountry "VIE"]
[SourceTitle "EXT 2019"]
[Source "ChessBase"]
[SourceDate "2018.10.10"]
[SourceVersion "1"]
[SourceVersionDate "2018.10.10"]
[SourceQuality "1"]

1. e4 e5 2. Nf3 Nc6 3. Bc4 Bc5 4. c3 Nf6 5. d4 exd4 6. e5 Ng4 7. cxd4 Bb4+ 8. Nc3 d5 9. Be2 f6 10. h3 fxe5 11. hxg4 Bxg4 12. Bd2 e4 13. Bg5 Qd7 14. Ng1 Bxe2 15. Ngxe2 Be7 16. Bxe7 Nxe7 17. Nf4 0-0-0 18. Qe2 Qf5 19. Nh5 g6 20. Ng3 Qf4 21. Qe3 Qxe3+ 22. fxe3 h5 23. Kd2 h4 24. Nge2 c6 25. Raf1 Nf5 26. Rh3 Kd7 27. Nf4 Ng3 28. Rf2 Rdf8 29. Ke1 g5 30. Ng6 Rxf2 31. Kxf2 Rg8 32. Ne5+ Ke6 33. Ng4 Rf8+ 34. Ke1 Rf1+ 35. Kd2 Kf5 36. Nh6+ Kg6 37. Ng4 Kh5 38. Ne5 Rg1 39. Nf3 Rxg2+ 0-1

[Event "VIE-ch U09"]
[Site "Hai Phong"]
[Date "2018.07.07"]
[Round "1"]
[White "Thai, Ho Tan Minh"]
[Black "Nguyen, Minh Duc"]
[Result "1-0"]
[WhiteElo "1945"]
[BlackElo "1919"]
[PlyCount "27"]
[EventDate "2018.07.07"]
[EventType "swiss"]
[EventRounds "9"]
[EventCountry "VIE"]
[SourceTitle "EXT 2019"]
[Source "ChessBase"]
[SourceDate "2018.10.10"]
[SourceVersion "1"]
[SourceVersionDate "2018.10.10"]
[SourceQuality "1"]

1. e4 e6 2. Nf3 d5 3. exd5 exd5 4. d4 Bd6 5. Nc3 c6 6. Bd3 Ne7 7. 0-0 0-0 8. Bxh7+ Kxh7 9. Ng5+ Kg8 10. Qh5 Re8 11. Qxf7+ Kh8 12. f4 Rf8 13. Qh5+ Kg8 14. Qh7# 1-0